<?xml version="1.0" encoding="UTF-8"?>
<record
    xmlns:xsi="http://www.w3.org/2001/XMLSchema-instance"
    xsi:schemaLocation="http://www.loc.gov/MARC21/slim http://www.loc.gov/standards/marcxml/schema/MARC21slim.xsd"
    xmlns="http://www.loc.gov/MARC21/slim">

  <leader>02419nam0a22003611  4500</leader>
  <controlfield tag="001">rc\2963267</controlfield>
  <controlfield tag="005">20260406024707.0</controlfield>
  <datafield tag="035" ind1=" " ind2=" ">
    <subfield code="a">(NLR Aleph) 007109779</subfield>
  </datafield>
  <datafield tag="090" ind1=" " ind2=" ">
    <subfield code="a">6755907</subfield>
    <subfield code="c">6755907</subfield>
  </datafield>
  <datafield tag="100" ind1=" " ind2=" ">
    <subfield code="a">20110913d1939    u  y0rusy50      ca</subfield>
  </datafield>
  <datafield tag="101" ind1="0" ind2=" ">
    <subfield code="a">rus</subfield>
  </datafield>
  <datafield tag="102" ind1=" " ind2=" ">
    <subfield code="a">RU</subfield>
  </datafield>
  <datafield tag="105" ind1=" " ind2=" ">
    <subfield code="a">ab z |||||</subfield>
  </datafield>
  <datafield tag="200" ind1="1" ind2=" ">
    <subfield code="a">&#x413;&#x440;&#x435;&#x43D;&#x43B;&#x430;&#x43D;&#x434;&#x441;&#x43A;&#x43E;&#x435; &#x43C;&#x43E;&#x440;&#x435; &#x438; &#x41F;&#x43E;&#x43B;&#x44F;&#x440;&#x43D;&#x44B;&#x439; &#x431;&#x430;&#x441;&#x441;&#x435;&#x439;&#x43D;</subfield>
    <subfield code="e">&#x433;&#x438;&#x434;&#x440;&#x43E;&#x43B;&#x43E;&#x433;&#x438;&#x447;&#x435;&#x441;&#x43A;&#x438;&#x435; &#x440;&#x430;&#x431;&#x43E;&#x442;&#x44B; &#x432; &#x413;&#x440;&#x435;&#x43D;&#x43B;&#x430;&#x43D;&#x434;&#x441;&#x43A;&#x43E;&#x43C; &#x43C;&#x43E;&#x440;&#x435; &#x438; &#x432; &#x440;&#x430;&#x439;&#x43E;&#x43D;&#x435; &#x43A; &#x441;&#x435;&#x432;&#x435;&#x440;&#x443; &#x43E;&#x442; &#x428;&#x43F;&#x438;&#x446;&#x431;&#x435;&#x440;&#x433;&#x435;&#x43D;&#x430;</subfield>
    <subfield code="f">&#x412;&#x441;. &#x410;. &#x411;&#x435;&#x440;&#x435;&#x437;&#x43A;&#x438;&#x43D;</subfield>
    <subfield code="g">[&#x43F;&#x440;&#x435;&#x434;&#x438;&#x441;&#x43B;.: &#x413;&#x435;&#x440;&#x43E;&#x439; &#x421;&#x43E;&#x432;. &#x421;&#x43E;&#x44E;&#x437;&#x430;, &#x434;.&#x433;&#x435;&#x43E;&#x433;&#x440;.&#x43D;. &#x41F;.&#x41F;. &#x428;&#x438;&#x440;&#x448;&#x43E;&#x432;]</subfield>
  </datafield>
  <datafield tag="210" ind1=" " ind2=" ">
    <subfield code="a">&#x41B;&#x435;&#x43D;&#x438;&#x43D;&#x433;&#x440;&#x430;&#x434;</subfield>
    <subfield code="c">[&#x431;. &#x438;.]</subfield>
    <subfield code="d">1939</subfield>
  </datafield>
  <datafield tag="215" ind1=" " ind2=" ">
    <subfield code="a">&#x421;. 11-184</subfield>
    <subfield code="c">&#x438;&#x43B;., &#x43A;&#x430;&#x440;&#x442;.</subfield>
    <subfield code="d">25 &#x441;&#x43C;</subfield>
  </datafield>
  <datafield tag="225" ind1="1" ind2=" ">
    <subfield code="a">&#x422;&#x440;&#x443;&#x434;&#x44B; &#x44D;&#x43A;&#x441;&#x43F;&#x435;&#x434;&#x438;&#x446;&#x438;&#x438; &#x43D;&#x430; "&#x421;&#x430;&#x434;&#x43A;&#x43E;" &#x432; 1935 &#x433;&#x43E;&#x434;&#x443;</subfield>
  </datafield>
  <datafield tag="300" ind1=" " ind2=" ">
    <subfield code="a">"&#x41E;&#x442;&#x434;. &#x43E;&#x442;&#x442;. &#x438;&#x437; &#x43A;&#x43D;. "&#x422;&#x440;&#x443;&#x434;&#x44B; &#x43F;&#x435;&#x440;&#x432;&#x43E;&#x439; &#x432;&#x44B;&#x441;&#x43E;&#x43A;&#x43E;&#x448;&#x438;&#x440;&#x43E;&#x442;&#x43D;&#x43E;&#x439; &#x44D;&#x43A;&#x441;&#x43F;&#x435;&#x434;&#x438;&#x446;&#x438;&#x438; &#x43D;&#x430; "&#x421;&#x430;&#x434;&#x43A;&#x43E;" &#x432; 1935 &#x433;.", &#x442;. 1, &#x432;&#x44B;&#x43F;. 1, &#x41B;. 1939"</subfield>
  </datafield>
  <datafield tag="316" ind1=" " ind2=" ">
    <subfield code="a">&#x41D;&#x430; &#x442;&#x438;&#x442;. &#x43B;. &#x448;&#x442;&#x430;&#x43C;&#x43F;: &#x412;&#x43E;&#x435;&#x43D;&#x43D;&#x43E;-&#x41C;&#x43E;&#x440;&#x441;&#x43A;&#x430;&#x44F; &#x410;&#x43A;&#x430;&#x434;&#x435;&#x43C;&#x438;&#x44F; &#x412;.&#x41A;.&#x424;. &#x438;&#x43C;&#x435;&#x43D;&#x438; &#x442;&#x43E;&#x432;. &#x412;&#x43E;&#x440;&#x43E;&#x448;&#x438;&#x43B;&#x43E;&#x432;&#x430;, &#x410;&#x43A;&#x430;&#x434;&#x435;&#x43C;&#x438;&#x447;&#x435;&#x441;&#x43A;&#x430;&#x44F; &#x431;&#x438;&#x431;&#x43B;&#x438;&#x43E;&#x442;&#x435;&#x43A;&#x430;</subfield>
    <subfield code="5">NLR:</subfield>
  </datafield>
  <datafield tag="320" ind1=" " ind2=" ">
    <subfield code="a">&#x411;&#x438;&#x431;&#x43B;&#x438;&#x43E;&#x433;&#x440;.: &#x441;. 182-184 &#x438; &#x432; &#x43F;&#x43E;&#x434;&#x441;&#x442;&#x440;&#x43E;&#x447;. &#x43F;&#x440;&#x438;&#x43C;&#x435;&#x447;.</subfield>
  </datafield>
  <datafield tag="412" ind1=" " ind2="0">
    <subfield code="1">2001#$v&#x422;. 1, &#x432;&#x44B;&#x43F;. 1</subfield>
    <subfield code="1">210##$d1939</subfield>
    <subfield code="1">71012$3RU\NLR\AUTH\8810184032$a&#x412;&#x44B;&#x441;&#x43E;&#x43A;&#x43E;&#x448;&#x438;&#x440;&#x43E;&#x442;&#x43D;&#x430;&#x44F; &#x44D;&#x43A;&#x441;&#x43F;&#x435;&#x434;&#x438;&#x446;&#x438;&#x44F;$d1$f1935</subfield>
    <subfield code="a">&#x412;&#x44B;&#x441;&#x43E;&#x43A;&#x43E;&#x448;&#x438;&#x440;&#x43E;&#x442;&#x43D;&#x430;&#x44F; &#x44D;&#x43A;&#x441;&#x43F;&#x435;&#x434;&#x438;&#x446;&#x438;&#x44F; (1 ; 1935)</subfield>
  </datafield>
  <datafield tag="488" ind1=" " ind2=" ">
    <subfield code="1">2001#$a&#x422;&#x440;&#x443;&#x434;&#x44B; &#x43F;&#x435;&#x440;&#x432;&#x43E;&#x439; &#x432;&#x44B;&#x441;&#x43E;&#x43A;&#x43E;&#x448;&#x438;&#x440;&#x43E;&#x442;&#x43D;&#x43E;&#x439; &#x44D;&#x43A;&#x441;&#x43F;&#x435;&#x434;&#x438;&#x446;&#x438;&#x438; &#x43D;&#x430; "&#x421;&#x430;&#x434;&#x43A;&#x43E;" &#x432; 1935 &#x433;.$h&#x422;. 1, &#x432;&#x44B;&#x43F;.1</subfield>
    <subfield code="t">&#x422;&#x440;&#x443;&#x434;&#x44B; &#x43F;&#x435;&#x440;&#x432;&#x43E;&#x439; &#x432;&#x44B;&#x441;&#x43E;&#x43A;&#x43E;&#x448;&#x438;&#x440;&#x43E;&#x442;&#x43D;&#x43E;&#x439; &#x44D;&#x43A;&#x441;&#x43F;&#x435;&#x434;&#x438;&#x446;&#x438;&#x438; &#x43D;&#x430; "&#x421;&#x430;&#x434;&#x43A;&#x43E;" &#x432; 1935 &#x433;.</subfield>
  </datafield>
  <datafield tag="606" ind1=" " ind2=" ">
    <subfield code="a">&#x413;&#x438;&#x434;&#x440;&#x43E;&#x43B;&#x43E;&#x433;&#x438;&#x447;&#x435;&#x441;&#x43A;&#x438;&#x435; &#x43D;&#x430;&#x431;&#x43B;&#x44E;&#x434;&#x435;&#x43D;&#x438;&#x44F;</subfield>
    <subfield code="y">&#x413;&#x440;&#x435;&#x43D;&#x43B;&#x430;&#x43D;&#x434;&#x441;&#x43A;&#x43E;&#x435; &#x43C;&#x43E;&#x440;&#x435;</subfield>
    <subfield code="z">1935</subfield>
    <subfield code="9">2169762</subfield>
    <subfield code="3">RU\NLR\AUTH\6601541881</subfield>
  </datafield>
  <datafield tag="617" ind1=" " ind2=" ">
    <subfield code="m">&#x421;&#x435;&#x432;&#x435;&#x440;&#x43D;&#x44B;&#x439; &#x41B;&#x435;&#x434;&#x43E;&#x432;&#x438;&#x442;&#x44B;&#x439; &#x43E;&#x43A;&#x435;&#x430;&#x43D;</subfield>
    <subfield code="m">&#x413;&#x440;&#x435;&#x43D;&#x43B;&#x430;&#x43D;&#x434;&#x441;&#x43A;&#x43E;&#x435; &#x43C;&#x43E;&#x440;&#x435;</subfield>
  </datafield>
  <datafield tag="686" ind1=" " ind2=" ">
    <subfield code="a">&#x414;221.9(915.32)</subfield>
  </datafield>
  <datafield tag="700" ind1=" " ind2="1">
    <subfield code="a">&#x411;&#x435;&#x440;&#x435;&#x437;&#x43A;&#x438;&#x43D;</subfield>
    <subfield code="b">&#x412;.&#x410;.</subfield>
    <subfield code="f">1899-1946</subfield>
    <subfield code="g">&#x412;&#x441;&#x435;&#x432;&#x43E;&#x43B;&#x43E;&#x434; &#x410;&#x43B;&#x435;&#x43A;&#x441;&#x430;&#x43D;&#x434;&#x440;&#x43E;&#x432;&#x438;&#x447;</subfield>
    <subfield code="9">127341</subfield>
    <subfield code="3">RU\NLR\AUTH\770127365</subfield>
  </datafield>
  <datafield tag="702" ind1=" " ind2="1">
    <subfield code="4">080</subfield>
    <subfield code="8">rus</subfield>
    <subfield code="7">ca</subfield>
    <subfield code="a">&#x428;&#x438;&#x440;&#x448;&#x43E;&#x432;</subfield>
    <subfield code="b">&#x41F;. &#x41F;.</subfield>
    <subfield code="f">1905-1953</subfield>
    <subfield code="g">&#x41F;&#x435;&#x442;&#x440; &#x41F;&#x435;&#x442;&#x440;&#x43E;&#x432;&#x438;&#x447;</subfield>
    <subfield code="3">RU\NLR\AUTH\77126268</subfield>
    <subfield code="9">109192</subfield>
  </datafield>
  <datafield tag="801" ind1=" " ind2="0">
    <subfield code="a">RU</subfield>
    <subfield code="b">NLR</subfield>
    <subfield code="g">psbo</subfield>
  </datafield>
  <datafield tag="801" ind1=" " ind2="1">
    <subfield code="a">RU</subfield>
    <subfield code="b">ELAR</subfield>
    <subfield code="2">rusmarc</subfield>
  </datafield>
  <datafield tag="801" ind1=" " ind2="2">
    <subfield code="a">RU</subfield>
    <subfield code="b">NLR</subfield>
    <subfield code="c">20131212</subfield>
    <subfield code="2">rusmarc</subfield>
  </datafield>
  <datafield tag="852" ind1=" " ind2=" ">
    <subfield code="a">NLR</subfield>
    <subfield code="j">64-7/2785</subfield>
  </datafield>
  <datafield tag="942" ind1=" " ind2=" ">
    <subfield code="c">BOOK</subfield>
  </datafield>
  <datafield tag="980" ind1=" " ind2=" ">
    <subfield code="a">NB</subfield>
  </datafield>
  <datafield tag="995" ind1=" " ind2=" ">
    <subfield code="5">2013-10-26</subfield>
    <subfield code="b">NLR02</subfield>
    <subfield code="c">NLR02</subfield>
    <subfield code="e">RFS</subfield>
    <subfield code="f">7109779-10</subfield>
    <subfield code="k">64-7/2785</subfield>
    <subfield code="o">0</subfield>
    <subfield code="r">BOOK</subfield>
    <subfield code="s">6472785_</subfield>
  </datafield>
</record>
